000 01051cam a2200265 a 4500
001 000014692
003 DO-SdBNP
005 20250529125001.0
008 720613s1971 ag 000 0 spa d
035 _a(DLC) 70552502
035 _a(OCoLC)331446
040 _aDO-SdBNP
_bspa
_cBNPHU
_dOCoLC
_dDLC
041 1 7 _aspa
_hfre
_2Código de idioma MARC
049 _aBNGR
082 _a320.0173
_bR449n
100 1 _aRevel, Jean Francois,
_d1924-2006.
_933303
240 1 0 _aNi Marx ni Jésus: de la seconde révolution américaine á la seconde révolution mondiale.
_lEspañol
245 1 0 _aNi Marx ni Jesús :
_bde la segunda revolución americana a segunda revolución mundial /
_cJean-François Revel ; traducción Ramiro de Casasbellas ; edicción Robert Laffont.
260 _aBuenos Aires :
_bEmecé,
_c1971.
300 _a223 p. ;
_c19 cm.
650 0 _aClases sociales
_zEstados Unidos
_xHistoria
_ySiglo XX
_91062
651 4 _aEstados Unidos
_xCondiciones sociales
_y1945-
_933304
910 _aCatalogación por copia / LC
942 _2ddc
_cLBS1
999 _c14275
_d14275